Responses for Show #5994 - Thursday, October 7, 2010

Contestants

[<< previous game]

Sarah Rabin Spira, a preschool director from Washington, D.C.

Mike Hodel, a bartender from Bellingham, Washington

Don Meals, an environmental scientist from Burlington, Vermont (whose 3-day cash winnings total $42,599)

[next game >>]

Jeopardy! Round responses

THEY DRIVE ON THE LEFT
IF THE TV SERIES HAD A DOWNER ENDING
2012
CLUB TED
THE GREAT SEAL OF THE U.S.
DOUBLE D's
    $200 16
Japan

Don
    $200 21
The West Wing

Sarah
    $200 26
an asteroid

Don
    $200 1
Ted Koppel

Don
    $200 9
13

Mike
    $200 2
wedding

Don
    $400 17
(Mike: What are Scotland and England?)

Ireland & Northern Ireland

Mike
Triple Stumper
    $400 22
The Dukes of Hazzard

Don
    $400 27
London

Don
    $400 7
(Ted) Turner

Mike
    $400 10
(Don: What is Interior?)

the State (Department)

DonMike
    $400 3
saddle

Don
    $600 18
the Bahamas

Sarah
    $600 23
The Fugitive

Don
    $600 28
the electoral college

Sarah
    $1,400 8
Sen. Ted Stevens

Mike
    $600 11
Exodus

Sarah
    $600 4
hidden

Sarah
    $800 19
Nepal

Mike
    $800 24
Northern Exposure

Mike
    $800 30
(Don: What is Japan?)

South Korea

Don
Triple Stumper
    $800 14
Ted Nugent

Sarah
    $800 12
Tiffany & Co.

Mike
    $800 5
a riddle

Triple Stumper
    $1000 20
South Africa

Triple Stumper
    $1000 25
The Bionic Woman

Don
    $1000 29
a calendar

Mike
    $1000 15
Ted Hughes

Triple Stumper
    $1000 13
E pluribus unum

Don
    $1000 6
an eddy

Mike

Scores at the first commercial break (after clue 15):

Don Mike Sarah
$1,400 $4,200 $2,000

Scores at the end of the Jeopardy! Round:

Don Mike Sarah
$3,400 $6,400 $3,400

Double Jeopardy! Round responses

ANCIENT GREEKS
FOOD WORDS
BOOKS' OTHER TITLES
A BUSINESS IS BORN
LENIN
McCARTNEY
    $400 6
Oedipus

Mike
    $400 1
ham

Don
    $400 20
Slaughterhouse-Five

Don
    $400 28
[The end-of-round signal sounds.]

Starbucks

Sarah
    $400 10
law

Sarah
    $400 11
"When I'm Sixty-Four"

Don
    $800 7
(Sarah: Who is Archimedes?)
...
(Alex: That pyramid and the triangular shapes there should lead you to [*].)

Pythagoras

Sarah
Triple Stumper
    $800 2
beef

Sarah
    $800 16
101 Dalmatians

Sarah
    $800 25
Whole Foods

Don
    $800 21
(Mike: Who is Marx... Karl Marx?)

Marxism

MikeSarah
    $800 12
"I Saw Her Standing There"

Sarah
    $1200 8
(Don: What are the Olympics...the Olympic games?)
(Sarah: What is Sparta?)
(Mike: What is Troy?)

Olympia

DonMikeSarah
Triple Stumper
    $1200 3
fritter

Triple Stumper
    $1200 17
Vanity Fair

Triple Stumper
    $1200 26
(Sarah: What is CVS?)

Walgreens

Sarah
Triple Stumper
    $1200 22
Stalin

Sarah
    $1200 13
Heart

Triple Stumper
    $1,600 9
(Mike: What is Athens?)
(Alex: No...Militaristic--[*].)

Sparta

Mike
    $1600 4
glaze

Don
    $3,000 18
Candide

Sarah
    $1600 27
Google

Mike
    $1600 23
the Red Army

Don
    $1600 14
"Band On The Run"

Triple Stumper
    $2000 5
pepper

Don
    $2000 19
Meridian

Triple Stumper
    $2000 24
the soviets

Don
    $2000 15
(Mike: What is "Black Or White"?)

"Ebony And Ivory"

MikeSarah

Scores at the end of the Double Jeopardy! Round:

Don Mike Sarah
$11,400 $2,800 $10,400

[wagering suggestions for these scores]

Final Jeopardy! Round responses

MAMMALS
MikeWhat are whales?
$700
SarahWhat is the manatee?
$10,400
DonWhat is a manatee?
$9,401
the seal

Final scores:

Don Mike Sarah
$1,999 $2,100 $0
2nd place: $2,000 New champion: $2,100 3rd place: $1,000

Game dynamics:

Coryat scores:

Don Mike Sarah
$11,400 $3,600 $9,000
18 R,
3 W
11 R
(including 1 DD),
5 W
(including 1 DD)
15 R
(including 1 DD),
3 W

Combined Coryat: $24,000

[game clues] [game scores] [suggest correction]

Game tape date: 2010-08-04
The J! Archive is created by fans, for fans. Scraping, republication, monetization, and malicious use prohibited; this site may use cookies and collect identifying information. See terms. The Jeopardy! game show and all elements thereof, including but not limited to copyright and trademark thereto, are the property of Jeopardy Productions, Inc. and are protected under law. This website is not affiliated with, sponsored by, or operated by Jeopardy Productions, Inc. Join the discussion at JBoard.tv.